Normal view
MARC view
Entry Personal Name
001 - CONTROL NUMBER
- control field: 19783
003 - CONTROL NUMBER IDENTIFIER
- control field: ARRUPE
005 - DATE AND TIME OF LATEST TRANSACTION
- control field: 20150910151839.0
008 - FIXED-LENGTH DATA ELEMENTS
- fixed length control field: 150910|| aca||aabn | a|a d
040 ## - CATALOGING SOURCE
- Original cataloging agency: ARRUPE
- Transcribing agency: ARRUPE
100 ## - HEADING--PERSONAL NAME
- Personal name: Schlagel, Richard H.,
- Dates associated with a name: 1925-
670 ## - SOURCE DATA FOUND
- Source citation: Work cat.: (ARRUPE)0: Schlagel, Richard H., 1925-, Contextual realism :, c1986.